00494nam a2200193Ia 4500003000900000008004100009040001300050040001300063041000800076100001600084245010200100250001100202260001500213260000900228300001100237300001000248490003600258490000600294IT-RoPAU120407s9999 xx 000 0 und d aIT-RoPAU cIT-RoPAU aita aJohann Auer a"Il Vangelo della grazia. Il nuovo ordine salvifico realizzato da Cristo nella Chiesa. 2a. ed." aAssisi aCittadella c1988 a360 p. c19 cm aPiccola dogmatica cattolica, 5 v1